| 000 | 00502nam a2200193 4500 | ||
|---|---|---|---|
| 001 | 131790 | ||
| 003 | ES-MaACL | ||
| 005 | 20230906194040.0 | ||
| 007 | t| | ||
| 008 | 070214s1943 sp r ||||1| spa d | ||
| 100 | 1 |
_aRoger, Antonio. _998927 |
|
| 245 | 1 | 3 |
_aEl imperio Otomano / _cAntonio Roger. |
| 260 |
_aMadrid : _bAtlas, _c1943. |
||
| 300 |
_aVII, 166 p. ; _c19 cm. |
||
| 490 | 1 | _aCisneros 8 | |
| 830 | 0 |
_aCisneros 8 _9219610 |
|
| 852 |
_aES-MaACL _jC-5129 _bR.25792 |
||
| 999 |
_c131790 _d131790 |
||